000 00800nam a2200265 a 4500
001 57457
003 BD-RJUL
005 20211209080521.0
008 161210s1975 enka b 001 0 eng
035 _a(BD-RJUL)57581
040 _aDLC
_cDLC
_dBD-RJUL
_beng
041 _aeng
082 _a305.513
_223
_bSOC 1975
245 0 0 _aSocial mobility :
_bselected readings /
_cedited by A. P. M. Coxon and C. L. Jones
260 _aHarmondsworth :
_bPenguin Education,
_cc1975.
300 _a384 p. :
_bill ;
_c20 cm.
490 1 _aPenguin Education
500 _aIncludes indexes
650 0 _aSocial mobility
_9170620
700 1 _aCoxon, Anthony Peter Macmillan.
_9170621
700 1 _aJones, Charles L.
_9170622
830 0 _aPenguin Education
_9170623
942 _2ddc
_cBK
999 _c57457
_d57457